Elementos de semiótica general

Guardado en:
Bibliografiske detaljer
Hovedforfatter: Carontini, Enrico
Format: Bog
Sprog:Undetermined
Udgivet: Barcelona Gustavo Gil 1979
Fag:
Tags: Tilføj Tag
Ingen Tags, Vær først til at tagge denne postø!

MARC

LEADER 00000nam a2200000Ia 4500
008 170316s9999 xx 000 0 und d
090 |a 410 C-3e 
100 |a Carontini, Enrico 
245 |a Elementos de semiótica general 
260 |a Barcelona 
260 |b Gustavo Gil 
260 |c 1979 
300 |a 139 páginas 
650 |a LINGÜÍSTICA 
999 |c 18304  |d 18304 
040 |a cru BVZT 
942 |c 15 D  |h 410 C-3e  |2 z